Countries the Nile River flows through - Statistics

General Stats
  • This quiz has been taken 39 times
  • The average score is 9 of 10
Answer Stats
Country % Correct
Egypt
100%
South Sudan
100%
Sudan
100%
Democratic Republic of the Congo
95%
Ethiopia
95%
Kenya
95%
Tanzania
90%
Uganda
90%
Burundi
81%
Rwanda
81%
No matching quizzes found
Score Distribution
Percent of People with Each Score
Percentile by Number Answered
Your Score History
You have not taken this quiz